000 00538nam a22001937a 4500
003 OSt
005 20171127195329.0
008 160610b xxu||||| |||| 00| 0 eng d
020 _a0136628915
040 _cDLMN.
082 _aQV737P494g 2007.
100 _aCole,Graham; Hogan,John; Aulton,Micheal;
_99340
245 _aPharmaceutical Coating Technology.
260 _aNewyork;
_bInforma,
_c2007.
300 _aix,489p;
_bill;
_c24cm.
504 _aincludes index and bibliography.
650 _apharmacology.
_9357
942 _2z
_cO_SHELF
999 _c4507
_d4507